| 000 | 01000cam a22003137a 4500 | ||
|---|---|---|---|
| 003 | CHAP | ||
| 005 | 20220817040903.0 | ||
| 008 | 971013s1961 r 00010 d | ||
| 010 | _a2140 | ||
| 011 | _a3112 | ||
| 035 | _a2312 | ||
| 040 | _cCHAP | ||
| 082 |
_a146.3 _bC6y 1955 |
||
| 110 |
_aCornforth, Maurice _928082 |
||
| 245 | 1 | 3 | _aEl materialismo y el método dialéctico |
| 260 |
_aMéxico, D. F. : _bSociedad Mexicana de Difusión Cultural, _c1961 |
||
| 300 | _a158 p. | ||
| 490 | 0 |
_aColección Tlapali _v; 2 |
|
| 500 | _aTrad. de: Dialectical materialism, 2 ed. de 1955 | ||
| 590 |
_aBATCH-UPD _b10 _c20130110 _lUCH01 _h1012 |
||
| 590 |
_aBATCH-UPD _b10 _c20130410 _lUCH01 _h0620 |
||
| 590 |
_aBATCH-UPD _b10 _c20130914 _lUCH01 _h1804 |
||
| 590 |
_aCONVERSION _b10 _c20130109 _lUCH01 _h1302 |
||
| 650 | 1 | 4 | _aMaterialismo dialéctico. |
| 830 | 0 |
_aColección Tlapali _v; 2 _925010 |
|
| 901 | _aBK | ||
| 942 | _cLIBRO | ||
| 949 |
_a146.3 C6y 1955 _bBC _cLIBRO _d33724000273777 _eLIBRO _h79611 _i2312 _si |
||
| 999 |
_c2140 _d2140 |
||